[Event "2024 National Elementary (K-6) Championship"]
[Site "Columbus, Ohio, United States"]
[Date "2024.04.28"]
[Round "6.13"]
[White "Hanke, Harvey"]
[Black "Yondon, Odbayar"]
[Result "1-0"]
[TimeControl "G/90; d10"]
[WhiteFideId "30999200"]
[BlackFideId "30984335"]
[WhiteElo "2016"]
[BlackElo "1764"]

1. e4 {[%clk 01:30:00]} {[%emt 00:00:04]} c6 {[%clk 01:30:00]} {[%emt
00:00:14]} 2. d4 {[%clk 01:30:00]} {[%emt 00:00:08]} d5 {[%clk 01:30:00]} 3. f3
{[%clk 01:30:00]} {[%emt 00:00:04]} g6 {[%clk 01:29:30]} {[%emt 00:00:38]} 4.
Nc3 {[%clk 01:29:56]} {[%emt 00:00:24]} Bg7 {[%clk 01:29:21]} {[%emt 00:00:06]}
5. Be3 {[%clk 01:29:56]} {[%emt 00:00:11]} e6 {[%clk 01:28:46]} {[%emt
00:00:40]} 6. Qd2 {[%clk 01:28:39]} {[%emt 00:01:28]} Ne7 {[%clk 01:28:18]}
{[%emt 00:00:38]} 7. h4 {[%clk 01:27:36]} {[%emt 00:01:15]} c5 {[%clk
01:26:12]} {[%emt 00:02:20]} 8. dxc5 {[%clk 01:02:32]} {[%emt 00:25:08]} d4
{[%clk 01:13:10]} {[%emt 00:13:24]} 9. O-O-O {[%clk 01:02:21]} {[%emt
00:00:17]} Nbc6 {[%clk 01:12:39]} {[%emt 00:00:34]} 10. Nb5 {[%clk 01:01:33]}
{[%emt 00:00:57]} e5 {[%clk 01:11:17]} {[%emt 00:01:32]} 11. Nd6+ {[%clk
00:54:49]} {[%emt 00:06:53]} Kf8 {[%clk 01:11:17]} {[%emt 00:00:10]} 12. Bh6
{[%clk 00:50:44]} {[%emt 00:04:09]} Be6 {[%clk 01:09:36]} {[%emt 00:01:51]} 13.
Bc4 {[%clk 00:41:52]} {[%emt 00:09:10]} Bxc4 {[%clk 01:09:20]} {[%emt
00:00:19]} 14. Nxc4 {[%clk 00:40:51]} {[%emt 00:01:10]} b6 {[%clk 01:08:54]}
{[%emt 00:00:42]} 15. Bxg7+ {[%clk 00:38:15]} {[%emt 00:02:40]} Kxg7 {[%clk
01:08:54]} {[%emt 00:00:32]} 16. h5 {[%clk 00:34:46]} {[%emt 00:03:18]} h6
{[%clk 01:06:23]} {[%emt 00:02:36]} 17. f4 {[%emt 00:01:10]} bxc5 {[%clk
00:54:39]} {[%emt 00:11:48]} 18. fxe5 {[%clk 00:33:39]} {[%emt 00:00:23]} Qd7
{[%clk 00:54:16]} {[%emt 00:00:46]} 19. hxg6 {[%clk 00:30:45]} {[%emt
00:02:49]} Nxg6 {[%clk 00:42:35]} {[%emt 00:11:51]} 20. Nd6 {[%clk 00:29:19]}
{[%emt 00:01:37]} Qe6 {[%clk 00:23:55]} {[%emt 00:19:07]} 21. Nf5+ {[%clk
00:27:53]} {[%emt 00:01:36]} Kg8 {[%emt 00:10:51]} 22. Rxh6 {[%clk 00:22:59]}
{[%emt 00:00:03]} Ncxe5 {[%clk 00:15:01]} {[%emt 00:03:09]} 23. Rxh8+ {[%clk
00:21:53]} {[%emt 00:01:14]} Nxh8 {[%clk 00:15:01]} {[%emt 00:00:39]} 24. Nf3
{[%clk 00:17:21]} {[%emt 00:04:10]} Nxf3 {[%clk 00:09:32]} {[%emt 00:05:35]} 25.
gxf3 {[%clk 00:17:10]} {[%emt 00:00:26]} Ng6 {[%clk 00:08:37]} {[%emt
00:01:02]} 26. Rh1 {[%clk 00:07:36]} {[%emt 00:09:43]} Qf6 {[%clk 00:07:42]}
{[%emt 00:01:07]} 27. Rg1 {[%clk 00:05:57]} {[%emt 00:01:49]} Rb8 {[%clk
00:06:59]} {[%emt 00:01:07]} 28. Qd3 {[%clk 00:05:56]} Kf8 {[%clk 00:04:49]}
{[%emt 00:02:13]} 29. Qc4 {[%clk 00:05:08]} {[%emt 00:01:23]} Qe5 {[%clk
00:04:39]} {[%emt 00:00:08]} 30. Rg4 {[%clk 00:04:39]} {[%emt 00:00:39]} d3
{[%clk 00:04:28]} {[%emt 00:00:21]} 31. Qc3 {[%clk 00:04:06]} {[%emt 00:00:45]}
Qxc3 {[%clk 00:03:58]} {[%emt 00:00:52]} 32. bxc3 {[%clk 00:04:06]} dxc2 {[%clk
00:03:58]} 33. Kxc2 {[%clk 00:04:06]} {[%emt 00:00:04]} Ke8 {[%clk 00:03:58]}
{[%emt 00:00:12]} 34. Ne3 {[%clk 00:03:57]} {[%emt 00:00:06]} Kd7 {[%clk
00:03:58]} {[%emt 00:00:34]} 35. Rg5 {[%clk 00:03:57]} Rc8 {[%clk 00:03:58]} 36.
Rf5 {[%clk 00:03:57]} Ke8 {[%clk 00:03:47]} {[%emt 00:00:09]} 37. Nc4 {[%clk
00:03:43]} {[%emt 00:00:20]} Rc6 {[%clk 00:03:47]} {[%emt 00:00:07]} 38. Na5
{[%clk 00:03:22]} {[%emt 00:00:40]} Rc7 {[%clk 00:03:47]} 39. Nb3 {[%clk
00:03:22]} {[%emt 00:00:03]} c4 {[%clk 00:03:47]} {[%emt 00:00:05]} 40. Nd4
{[%clk 00:03:18]} {[%emt 00:00:14]} Ke7 {[%clk 00:03:47]} {[%emt 00:00:23]} 41.
Rd5 {[%emt 00:00:23]} Nf4 {[%clk 00:03:44]} {[%emt 00:00:07]} 42. Re5+ {[%clk
00:03:00]} Ne6 {[%clk 00:03:42]} {[%emt 00:00:11]} 43. Nf5+ {[%clk 00:02:37]}
{[%emt 00:00:33]} Kf6 {[%clk 00:03:42]} {[%emt 00:00:45]} 44. Rd5 {[%clk
00:02:37]} Kg5 {[%clk 00:03:20]} {[%emt 00:00:03]} 45. Nd6+ {[%clk 00:02:37]}
{[%emt 00:00:06]} Kg6 {[%clk 00:03:16]} {[%emt 00:00:15]} 46. Nb5 {[%clk
00:02:23]} {[%emt 00:00:25]} Rb7 {[%clk 00:03:13]} {[%emt 00:00:21]} 47. Nd6
{[%clk 00:02:23]} Rc7 {[%clk 00:03:12]} {[%emt 00:00:06]} 48. Kd2 {[%clk
00:02:20]} {[%emt 00:00:29]} Nf4 {[%clk 00:03:07]} {[%emt 00:00:07]} 49. Rd4
{[%clk 00:02:17]} {[%emt 00:00:07]} Ne6 {[%clk 00:03:07]} {[%emt 00:00:08]} 50.
Rxc4 {[%clk 00:02:05]} {[%emt 00:00:19]} Rd7 {[%clk 00:03:07]} {[%emt
00:00:19]} 51. Rc6 {[%clk 00:01:29]} {[%emt 00:00:28]} Nd8 {[%clk 00:03:07]}
{[%emt 00:00:28]} 52. Ra6 {[%clk 00:01:29]} Nb7 {[%clk 00:03:07]} 53. e5 {[%clk
00:01:29]} {[%emt 00:00:09]} Nc5 {[%clk 00:03:01]} 54. Rc6 {[%clk 00:01:23]}
{[%emt 00:00:11]} Ne6 {[%clk 00:03:01]} {[%emt 00:00:04]} 55. Kc2 {[%clk
00:01:23]} Kg5 {[%clk 00:03:01]} {[%emt 00:00:11]} 56. Nxf7+ {[%clk 00:01:23]}
{[%emt 00:00:04]} Rxf7 {[%clk 00:03:01]} {[%emt 00:00:12]} 57. Rxe6 {[%clk
00:01:23]} Rxf3 {[%clk 00:03:01]} {[%emt 00:00:03]} 58. Re7 {[%clk 00:01:23]}
a5 {[%clk 00:03:01]} {[%emt 00:00:07]} 59. Ra7 {[%clk 00:01:23]} {[%emt
00:00:04]} Rf2+ {[%clk 00:03:01]} {[%emt 00:00:06]} 60. Kb3 {[%clk 00:01:23]}
{[%emt 00:00:03]} a4+ {[%clk 00:03:01]} 61. Rxa4 {[%clk 00:01:23]} Re2 {[%clk
00:03:01]} {[%emt 00:00:04]} 62. Ra5 {[%clk 00:01:23]} Kf5 {[%clk 00:03:01]}
{[%emt 00:00:03]} 63. Rc5 {[%clk 00:01:23]} {[%emt 00:00:07]} Rxe5 {[%clk
00:03:01]} {[%emt 00:00:04]} 64. Rxe5+ {[%clk 00:01:23]} Kxe5 {[%clk 00:03:01]}
{[%emt 00:00:04]} 65. Kc4 {[%clk 00:01:23]} Kd6 {[%clk 00:03:01]} 66. Kb5
{[%clk 00:01:23]} {[%emt 00:00:03]} Kc7 {[%clk 00:03:01]} 67. Kc5 {[%clk
00:01:23]} Kb7 {[%clk 00:03:01]} 68. Kd6 {[%clk 00:01:23]} {[%emt 00:00:13]}
Kb8 {[%clk 00:03:01]} 69. Kc6 {[%clk 00:01:23]} Kc8 {[%clk 00:03:01]} 70. c4
{[%clk 00:01:23]} Kb8 {[%clk 00:03:01]} 71. c5 {[%clk 00:01:23]} Kc8 {[%clk
00:03:01]} {[%emt 00:00:11]} 72. a3 {[%clk 00:01:23]} Kb8 {[%clk 00:03:01]} 73.
Kd7 {[%clk 00:01:23]} Kb7 {[%clk 00:03:01]} {[%emt 00:00:04]} 74. c6+ {[%clk
00:01:23]} Ka6 {[%clk 00:03:01]} 75. c7 {[%clk 00:01:23]} Ka7 {[%clk 00:03:01]}
76. c8=Q {[%clk 00:01:23]} {[%emt 00:00:04]} Kb6 {[%clk 00:03:01]} {[%emt
00:00:06]} 77. Qc7+ {[%clk 00:01:23]} Kb5 {[%clk 00:03:01]} 78. a4+ {[%clk
00:01:23]} {[%emt 00:00:04]} Ka6 {[%clk 00:03:01]} 79. Qc6+ {[%clk 00:01:23]}
{[%emt 00:00:03]} Ka7 {[%clk 00:03:01]} {[%emt 00:00:08]} 80. Qb5 {[%clk
00:01:23]} Ka8 {[%clk 00:03:01]} {[%emt 00:00:03]} 81. Kc7 {[%clk 00:01:23]}
1-0

[Event "2024 National Elementary (K-6) Championship"]
[Site "Columbus, Ohio, United States"]
[Date "2024.04.28"]
[Round "6.14"]
[White "Dubey, Shiv"]
[Black "Karthigeyan, Kishan"]
[Result "1-0"]
[TimeControl "G/90; d10"]
[WhiteFideId "39910105"]
[BlackFideId "39911420"]
[WhiteElo "1764"]
[BlackElo "1931"]

1. e4 {[%clk 01:30:00]} {[%emt 00:00:11]} e5 {[%clk 01:29:56]} {[%emt
00:00:13]} 2. Nf3 {[%clk 01:30:00]} {[%emt 00:00:25]} Nc6 {[%clk 01:29:56]}
{[%emt 00:00:12]} 3. Bc4 {[%clk 01:30:00]} Bc5 {[%clk 01:29:56]} 4. c3 {[%clk
01:30:00]} Nf6 {[%clk 01:29:56]} 5. d4 {[%clk 01:30:00]} {[%emt 00:00:08]} exd4
{[%clk 01:29:56]} {[%emt 00:00:13]} 6. e5 {[%clk 01:30:00]} {[%emt 00:00:21]}
d5 {[%clk 01:29:56]} 7. Bb5 {[%clk 01:30:00]} {[%emt 00:00:03]} Ne4 {[%clk
01:29:56]} 8. cxd4 {[%clk 01:30:00]} Bb6 {[%clk 01:29:56]} 9. Nc3 {[%clk
01:30:00]} {[%emt 00:00:04]} Bg4 {[%clk 01:29:56]} {[%emt 00:00:08]} 10. Be3
{[%clk 01:30:00]} {[%emt 00:00:07]} O-O {[%clk 01:29:56]} {[%emt 00:00:07]} 11.
h3 {[%clk 01:30:00]} {[%emt 00:00:04]} Bh5 {[%clk 01:29:56]} {[%emt 00:00:06]}
12. Qc2 {[%clk 01:30:00]} {[%emt 00:00:07]} Nxc3 {[%clk 01:29:56]} {[%emt
00:00:09]} 13. bxc3 {[%clk 01:29:58]} {[%emt 00:00:18]} f6 {[%clk 01:29:56]}
{[%emt 00:00:16]} 14. Bxc6 {[%clk 01:22:07]} {[%emt 00:08:02]} bxc6 {[%clk
01:29:53]} {[%emt 00:00:04]} 15. exf6 {[%clk 01:21:00]} {[%emt 00:01:09]} Qxf6
{[%clk 01:28:55]} {[%emt 00:01:43]} 16. Ne5 {[%clk 01:19:44]} {[%emt 00:00:53]}
Be8 {[%clk 01:26:48]} {[%emt 00:02:24]} 17. O-O {[%clk 01:19:18]} {[%emt
00:00:27]} Qe7 {[%clk 01:16:25]} {[%emt 00:10:23]} 18. f4 {[%clk 01:09:17]}
{[%emt 00:10:21]} c5 {[%clk 01:13:20]} {[%emt 00:03:15]} 19. Rac1 {[%clk
01:08:03]} {[%emt 00:01:19]} cxd4 {[%clk 01:12:46]} {[%emt 00:00:47]} 20. cxd4
{[%clk 01:07:45]} {[%emt 00:00:29]} Rd8 {[%clk 01:05:27]} {[%emt 00:07:25]} 21.
Kh2 {[%clk 01:04:32]} {[%emt 00:03:30]} Bd7 {[%clk 00:55:14]} {[%emt 00:10:14]}
22. Qf2 {[%clk 00:54:52]} {[%emt 00:09:56]} Bb5 {[%clk 00:53:51]} {[%emt
00:01:32]} 23. Rg1 {[%clk 00:54:06]} {[%emt 00:00:58]} Kh8 {[%clk 00:49:03]}
{[%emt 00:04:58]} 24. g4 {[%clk 00:51:25]} {[%emt 00:02:50]} g5 {[%clk
00:44:47]} {[%emt 00:04:29]} 25. f5 {[%clk 00:50:51]} {[%emt 00:00:43]} c5
{[%clk 00:44:23]} {[%emt 00:00:33]} 26. Kh1 {[%clk 00:47:31]} {[%emt 00:03:28]}
c4 {[%clk 00:37:03]} {[%emt 00:07:30]} 27. Qd2 {[%clk 00:46:27]} {[%emt
00:01:14]} Rg8 {[%clk 00:36:51]} {[%emt 00:00:22]} 28. Bxg5 {[%clk 00:45:11]}
{[%emt 00:01:27]} c3 {[%clk 00:28:03]} {[%emt 00:08:58]} 29. Qe3 {[%clk
00:43:44]} {[%emt 00:01:36]} Bxd4 {[%clk 00:23:21]} {[%emt 00:04:57]} 30. Qxd4
{[%clk 00:43:15]} {[%emt 00:00:34]} Rxg5 {[%clk 00:22:59]} {[%emt 00:00:33]} 31.
Ng6+ {[%clk 00:43:03]} {[%emt 00:00:25]} 1-0

[Event "2024 National Elementary (K-6) Championship"]
[Site "Columbus, Ohio, United States"]
[Date "2024.04.28"]
[Round "6.15"]
[White "Liu, Boaz"]
[Black "Mahajan, Krish"]
[Result "0-1"]
[TimeControl "G/90; d10"]
[WhiteFideId "39933601"]
[BlackFideId "39927776"]
[WhiteElo "1697"]
[BlackElo "1791"]

1. e4 {[%clk 01:30:00]} c6 {[%clk 01:30:00]} {[%emt 00:00:03]} 2. d4 {[%clk
01:30:00]} {[%emt 00:00:05]} d5 {[%clk 01:30:00]} {[%emt 00:00:21]} 3. e5
{[%clk 01:30:00]} c5 {[%clk 01:30:00]} {[%emt 00:00:07]} 4. dxc5 {[%clk
01:30:00]} {[%emt 00:00:19]} Nc6 {[%clk 01:29:50]} {[%emt 00:00:03]} 5. a3
{[%clk 01:30:00]} {[%emt 00:00:04]} a5 {[%clk 01:29:46]} {[%emt 00:00:15]} 6.
Bb5 {[%clk 01:29:23]} {[%emt 00:00:47]} e6 {[%clk 01:27:15]} {[%emt 00:03:05]}
7. Be3 {[%clk 01:28:45]} {[%emt 00:00:28]} Nge7 {[%clk 01:26:27]} {[%emt
00:00:55]} 8. Nf3 {[%clk 01:26:06]} {[%emt 00:02:49]} Bd7 {[%clk 01:22:24]}
{[%emt 00:04:13]} 9. Nc3 {[%clk 01:23:23]} {[%emt 00:02:52]} Nf5 {[%clk
01:17:33]} {[%emt 00:05:00]} 10. Qd2 {[%clk 01:17:59]} {[%emt 00:05:40]} Nxe3
{[%clk 01:09:21]} {[%emt 00:08:16]} 11. Qxe3 {[%clk 01:17:53]} {[%emt
00:00:41]} Na7 {[%clk 01:06:18]} {[%emt 00:02:51]} 12. Bxd7+ {[%clk 01:16:36]}
{[%emt 00:01:27]} Qxd7 {[%clk 01:05:59]} {[%emt 00:00:27]} 13. O-O {[%clk
01:11:24]} {[%emt 00:05:20]} Be7 {[%clk 01:03:29]} {[%emt 00:02:41]} 14. Rfd1
{[%clk 01:01:47]} {[%emt 00:09:47]} Qc6 {[%clk 00:58:16]} {[%emt 00:05:23]} 15.
b4 {[%clk 01:00:12]} {[%emt 00:02:04]} Nb5 {[%clk 00:52:29]} {[%emt 00:06:03]}
16. Na4 {[%clk 00:53:01]} {[%emt 00:06:55]} O-O {[%clk 00:44:04]} {[%emt
00:08:39]} 17. Nb6 {[%clk 00:52:25]} {[%emt 00:00:42]} Rad8 {[%clk 00:42:58]}
{[%emt 00:01:18]} 18. Nd4 {[%clk 00:44:10]} {[%emt 00:08:26]} Nxd4 {[%clk
00:37:55]} {[%emt 00:05:09]} 19. Rxd4 {[%clk 00:37:18]} {[%emt 00:07:03]} f6
{[%clk 00:32:30]} {[%emt 00:05:48]} 20. f4 {[%clk 00:35:58]} {[%emt 00:01:17]}
fxe5 {[%clk 00:31:59]} {[%emt 00:00:41]} 21. fxe5 {[%clk 00:35:49]} {[%emt
00:00:21]} Rf7 {[%clk 00:29:57]} {[%emt 00:02:10]} 22. c4 {[%clk 00:32:30]}
{[%emt 00:03:33]} Rdf8 {[%clk 00:15:35]} {[%emt 00:14:27]} 23. cxd5 {[%clk
00:24:23]} {[%emt 00:05:21]} Qb5 24. Qd3 {[%emt 00:05:48]} Qe8 {[%emt
00:05:01]} 25. dxe6 {[%clk 00:18:14]} {[%emt 00:02:39]} Rf2 {[%clk 00:11:01]}
{[%emt 00:01:01]} 26. Nd7 {[%clk 00:17:12]} {[%emt 00:01:14]} R8f5 {[%emt
00:09:46]} 27. Re4 {[%clk 00:08:02]} {[%emt 00:00:52]} Qg6 {[%clk 00:07:52]}
{[%emt 00:02:09]} 28. Qg3 {[%clk 00:06:54]} {[%emt 00:01:22]} Qxe6 {[%clk
00:05:15]} {[%emt 00:02:43]} 29. Rd1 {[%clk 00:04:23]} {[%emt 00:02:42]} Qxd7
{[%clk 00:04:17]} {[%emt 00:01:16]} 30. Qb3+ {[%clk 00:03:01]} {[%emt
00:01:24]} Kh8 {[%clk 00:03:30]} {[%emt 00:00:59]} 31. g4 {[%clk 00:02:25]}
{[%emt 00:00:47]} Qc6 {[%clk 00:01:02]} {[%emt 00:02:36]} 32. Rd5 {[%clk
00:02:14]} {[%emt 00:00:19]} Rf1+ {[%clk 00:01:02]} {[%emt 00:00:10]} 33. Kg2
{[%clk 00:02:14]} R5f2+ {[%clk 00:01:02]} 34. Kg3 {[%clk 00:02:14]} {[%emt
00:00:07]} Rf3+ {[%clk 00:01:02]} {[%emt 00:00:10]} 35. Kg2 {[%clk 00:02:14]}
{[%emt 00:00:07]} Rxb3 {[%clk 00:01:02]} 36. Red4 {[%emt 00:00:33]} Rf8 {[%clk
00:01:02]} 37. Kg1 {[%clk 00:02:04]} {[%emt 00:00:08]} Rb1+ {[%clk 00:01:02]}
{[%emt 00:00:04]} 38. Kg2 {[%clk 00:02:04]} Rb2+ {[%clk 00:01:02]} {[%emt
00:00:06]} 39. Kg1 {[%clk 00:02:04]} Rbf2 {[%clk 00:00:54]} {[%emt 00:00:17]}
40. Rd3 {[%clk 00:02:01]} {[%emt 00:00:39]} 0-1

[Event "2024 National Elementary (K-6) Championship"]
[Site "Columbus, Ohio, United States"]
[Date "2024.04.28"]
[Round "6.16"]
[White "Sarwar, Sawyer L"]
[Black "Guo, Ethan"]
[Result "0-1"]
[TimeControl "G/90; d10"]
[BlackTitle "CM"]
[WhiteFideId "39942058"]
[BlackFideId "30976359"]
[WhiteElo "1748"]
[BlackElo "2248"]

1. e4 {[%clk 01:30:00]} {[%emt 00:00:35]} c5 {[%clk 01:30:00]} {[%emt
00:00:03]} 2. Nf3 {[%clk 01:30:00]} d6 {[%clk 01:30:00]} 3. d4 {[%clk
01:30:00]} cxd4 {[%clk 01:30:00]} 4. Nxd4 {[%clk 01:30:00]} {[%emt 00:00:03]}
Nf6 {[%clk 01:30:00]} {[%emt 00:00:04]} 5. Nc3 {[%clk 01:30:00]} {[%emt
00:00:07]} a6 {[%clk 01:30:00]} {[%emt 00:00:08]} 6. Be3 {[%clk 01:30:00]}
{[%emt 00:00:06]} e6 {[%clk 01:30:00]} {[%emt 00:00:03]} 7. Bc4 {[%clk
01:30:00]} {[%emt 00:00:10]} Be7 {[%clk 01:29:49]} {[%emt 00:00:34]} 8. Bb3
{[%clk 01:30:00]} O-O {[%clk 01:27:53]} {[%emt 00:02:00]} 9. f3 {[%clk
01:29:48]} {[%emt 00:00:23]} b5 {[%clk 01:27:36]} {[%emt 00:00:35]} 10. Qd2
{[%clk 01:29:45]} {[%emt 00:00:05]} Bd7 {[%clk 01:27:03]} {[%emt 00:00:40]} 11.
O-O-O {[%clk 01:29:27]} {[%emt 00:00:59]} Nc6 {[%clk 01:26:54]} 12. g4 {[%clk
01:28:56]} {[%emt 00:00:29]} Nxd4 {[%clk 01:24:40]} {[%emt 00:02:49]} 13. Bxd4
{[%clk 01:27:16]} {[%emt 00:01:33]} a5 {[%clk 01:24:01]} {[%emt 00:00:42]} 14.
Bxf6 {[%clk 01:24:50]} {[%emt 00:02:36]} Bxf6 {[%clk 01:23:39]} {[%emt
00:00:33]} 15. Qxd6 {[%clk 01:21:53]} {[%emt 00:03:09]} Ra7 {[%clk 01:22:45]}
{[%emt 00:01:12]} 16. a4 {[%clk 01:12:00]} {[%emt 00:09:51]} Bxc3 {[%clk
01:20:25]} {[%emt 00:02:31]} 17. bxc3 {[%clk 01:11:55]} {[%emt 00:00:46]} Qc8
{[%clk 01:19:46]} {[%emt 00:00:33]} 18. Qd4 {[%clk 01:05:52]} {[%emt 00:05:59]}
Rc7 {[%clk 01:18:22]} {[%emt 00:01:33]} 19. Rhe1 {[%clk 00:56:30]} {[%emt
00:09:31]} bxa4 {[%clk 01:16:53]} {[%emt 00:01:40]} 20. Ba2 {[%clk 00:55:30]}
{[%emt 00:01:13]} Rxc3 {[%clk 01:15:37]} {[%emt 00:01:26]} 21. Rd2 {[%clk
00:49:42]} {[%emt 00:06:05]} Bb5 {[%clk 01:13:56]} {[%emt 00:01:36]} 22. Re3
{[%clk 00:47:26]} {[%emt 00:02:30]} Rc6 {[%clk 01:08:34]} {[%emt 00:05:32]} 23.
h4 {[%clk 00:42:44]} {[%emt 00:04:56]} Qc7 {[%clk 01:06:30]} {[%emt 00:02:11]}
24. h5 {[%clk 00:39:28]} {[%emt 00:03:26]} Rc8 {[%clk 01:04:55]} {[%emt
00:01:55]} 25. Bb1 {[%clk 00:38:59]} {[%emt 00:00:28]} h6 {[%clk 01:03:33]}
{[%emt 00:01:32]} 26. e5 {[%clk 00:35:24]} {[%emt 00:03:55]} Qe7 {[%clk
00:58:21]} {[%emt 00:05:13]} 27. Rg2 {[%clk 00:32:43]} {[%emt 00:02:51]} Rd8
{[%clk 00:57:07]} {[%emt 00:01:36]} 28. Qf4 {[%clk 00:31:15]} {[%emt 00:01:27]}
Rc4 {[%clk 00:55:30]} {[%emt 00:01:57]} 29. Qg3 {[%clk 00:29:47]} {[%emt
00:01:25]} Qb4 {[%clk 00:50:21]} {[%emt 00:05:20]} 30. Qe1 {[%clk 00:27:55]}
{[%emt 00:02:01]} a3 {[%clk 00:46:51]} {[%emt 00:03:47]} 31. Qxb4 {[%clk
00:27:20]} {[%emt 00:00:43]} axb4 {[%clk 00:46:51]} {[%emt 00:00:04]} 32. Ba2
{[%clk 00:26:55]} {[%emt 00:00:31]} Rcd4 {[%clk 00:45:53]} {[%emt 00:01:08]} 33.
Rg1 {[%clk 00:23:30]} {[%emt 00:03:34]} Rc8 {[%clk 00:42:29]} {[%emt 00:03:34]}
34. Rd1 {[%clk 00:20:33]} {[%emt 00:03:15]} Rxd1+ {[%clk 00:42:12]} {[%emt
00:00:19]} 35. Kxd1 {[%clk 00:20:31]} {[%emt 00:00:20]} Ba4 {[%clk 00:42:11]}
{[%emt 00:00:05]} 36. Re2 {[%clk 00:18:55]} {[%emt 00:01:46]} Rc3 {[%clk
00:42:00]} {[%emt 00:00:20]} 37. f4 {[%clk 00:16:59]} {[%emt 00:02:14]} b3
{[%clk 00:40:04]} {[%emt 00:01:56]} 38. cxb3 {[%clk 00:16:45]} {[%emt
00:00:37]} Bxb3+ {[%clk 00:40:04]} 39. Bxb3 {[%clk 00:16:44]} {[%emt 00:00:13]}
Rxb3 {[%clk 00:40:04]} 40. Kc1 {[%clk 00:16:15]} {[%emt 00:00:34]} Rg3 {[%clk
00:40:03]} {[%emt 00:00:10]} 41. Kb1 {[%clk 00:15:35]} {[%emt 00:00:55]} Rxg4
{[%clk 00:40:01]} {[%emt 00:00:10]} 42. Rf2 {[%clk 00:15:18]} {[%emt 00:00:27]}
Rh4 {[%clk 00:40:01]} {[%emt 00:00:12]} 43. Ka2 {[%clk 00:15:08]} {[%emt
00:00:19]} Rxh5 {[%clk 00:40:00]} {[%emt 00:00:07]} 44. Kxa3 {[%clk 00:14:56]}
{[%emt 00:00:20]} Rf5 {[%clk 00:40:00]} {[%emt 00:00:37]} 45. Kb4 {[%clk
00:14:48]} g5 {[%clk 00:40:00]} 0-1